[Event "Buenos Aires op 3rd"]
[Site "Buenos Aires"]
[Date "2025.07.15"]
[Round "7"]
[White "Calens, Diego"]
[Black "Garcia Lemos, Federico"]
[Result "0-1"]
[WhiteElo "1993"]
[BlackElo "2155"]
[PlyCount "84"]
[EventDate "2025.07.11"]
[EventType "swiss"]
[EventRounds "9"]
[EventCountry "ARG"]
[SourceTitle "CB30_2025"]
[SourceDate "2025.07.23"]
[SourceVersion "1"]
[SourceVersionDate "2025.07.23"]
[SourceQuality "1"]

1. Nf3 Nf6 2. c4 b6 3. g3 Bb7 4. Bg2 e6 5. 0-0 Be7 6. d4 0-0 7. Re1 a5 8. Nc3 Ne4 9. Bd2 d6 10. Qc2 f5 11. Rad1 Nd7 12. d5 Nxc3 13. Bxc3 e5 14. Nxe5 Nxe5 15. Bxe5 dxe5 16. d6 Bxg2 17. dxe7 Qxe7 18. Kxg2 e4 19. Rd4 c5 20. Rd5 f4 21. Qc3 Rae8 22. Kg1 Qe6 23. Rg5 g6 24. gxf4 Rxf4 25. b3 Ref8 26. Qe5 Rg4+ 27. Kf1 Qf7 28. f3 Rxg5 29. Qxg5 exf3 30. Qd5 fxe2+ 31. Kxe2 Qxd5 32. cxd5 Re8+ 33. Kf2 Rxe1 34. Kxe1 Kf8 35. Kd2 Ke7 36. Kc3 b5 37. a4 bxa4 38. bxa4 Kd6 39. Kc4 g5 40. Kb5 Kxd5 41. Kxa5 Kc6 42. h3 h5 0-1

[Event "Buenos Aires op 3rd"]
[Site "Buenos Aires"]
[Date "2025.07.12"]
[Round "3"]
[White "Garcia Lemos, Federico"]
[Black "Kaplinsky, Santiago"]
[Result "1-0"]
[WhiteElo "2155"]
[BlackElo "1739"]
[PlyCount "73"]
[EventDate "2025.07.11"]
[EventType "swiss"]
[EventRounds "9"]
[EventCountry "ARG"]
[SourceTitle "CB30_2025"]
[SourceDate "2025.07.23"]
[SourceVersion "1"]
[SourceVersionDate "2025.07.23"]
[SourceQuality "1"]

1. d4 Nf6 2. c4 e6 3. Nf3 b6 4. g3 Bb7 5. Bg2 Be7 6. Nc3 Ne4 7. Bd2 0-0 8. 0-0 f5 9. Re1 d6 10. d5 Nxc3 11. Bxc3 e5 12. Nxe5 dxe5 13. d6 Bxg2 14. dxe7 Qxe7 15. Kxg2 Rd8 16. Qc2 Qe6 17. e4 f4 18. Rad1 Nc6 19. Rd5 Nd4 20. Bxd4 exd4 21. Qd3 fxg3 22. hxg3 c5 23. Rh1 h6 24. b4 Rxd5 25. cxd5 Qd6 26. Qc4 Re8 27. Re1 Rd8 28. f4 cxb4 29. Qxd4 Rc8 30. Re2 Rc5 31. Rd2 a5 32. e5 Qc7 33. d6 Qc6+ 34. Kh2 Rc1 35. Qd5+ Qxd5 36. Rxd5 Rc8 37. e6 1-0

[Event "Buenos Aires op 3rd"]
[Site "Buenos Aires"]
[Date "2025.07.11"]
[Round "1"]
[White "Godoy, Joaquin"]
[Black "Garcia Lemos, Federico"]
[Result "1-0"]
[WhiteElo "1833"]
[BlackElo "2155"]
[PlyCount "53"]
[EventDate "2025.07.11"]
[EventType "swiss"]
[EventRounds "9"]
[EventCountry "ARG"]
[SourceTitle "CB30_2025"]
[SourceDate "2025.07.23"]
[SourceVersion "1"]
[SourceVersionDate "2025.07.23"]
[SourceQuality "1"]

1. e4 c5 2. Nf3 Nc6 3. Bb5 e5 4. 0-0 Bd6 5. a4 Nge7 6. Re1 0-0 7. c3 Qc7 8. Bc4 h6 9. d3 a6 10. Nh4 Na5 11. Qg4 Kh7 12. Re3 Nxc4 13. Rg3 Rg8 14. dxc4 Qc6 15. Nf3 f6 16. Nh4 g6 17. Nd2 Bc7 18. Qf3 Qe6 19. Nf1 g5 20. Nf5 Nxf5 21. exf5 Qxc4 22. Qh5 Bd6 23. Rh3 Bf8 24. Ne3 Qe4 25. Qf7+ Rg7 26. Qxf8 g4 27. Rxh6+ 1-0

[Event "Titled Tuesday intern op 10th Sep Late"]
[Site "Chess,com INT"]
[Date "2024.09.10"]
[Round "11"]
[White "Garcia Lemos, Federico"]
[Black "Jing, Andrew"]
[Result "1-0"]
[WhiteElo "2157"]
[BlackElo "2057"]
[PlyCount "76"]
[EventDate "2024.09.10"]
[EventType "swiss (blitz)"]
[EventRounds "11"]
[EventCountry "USA"]
[SourceTitle "EXT 2025"]
[Source "ChessBase"]
[SourceDate "2024.10.14"]
[SourceVersion "1"]
[SourceVersionDate "2024.10.14"]
[SourceQuality "1"]

1. d4 Nf6 2. c4 g6 3. Nc3 Bg7 4. e4 d6 5. Bd3 0-0 6. Nge2 Nc6 7. 0-0 e5 8. d5 Ne7 9. f3 Nd7 10. Be3 f5 11. exf5 Nxf5 12. Bf2 Qg5 13. Qc1 Qxc1 14. Raxc1 Bh6 15. Bxf5 gxf5 16. Rcd1 a6 17. b4 b6 18. Ng3 a5 19. a3 axb4 20. axb4 Ba6 21. b5 Bb7 22. Ra1 Nc5 23. Rxa8 Bxa8 24. Ra1 Bb7 25. Bxc5 bxc5 26. Ra7 Rb8 27. Nxf5 Bf8 28. Ne4 Kf7 29. g4 Ke8 30. Nf6+ Kd8 31. Nxh7 Be7 32. h4 Kd7 33. Nxe7 Kxe7 34. Ng5 Kd7 35. h5 Rg8 36. Ne4 Kc8 37. Kf2 Kb8 38. Ra1 Bc8 1-0

[Event "Titled Tuesday intern op 10th Sep Late"]
[Site "Chess,com INT"]
[Date "2024.09.10"]
[Round "8"]
[White "Mansurova, Mumtozbegim"]
[Black "Garcia Lemos, Federico"]
[Result "0-1"]
[WhiteElo "1765"]
[BlackElo "2157"]
[PlyCount "86"]
[EventDate "2024.09.10"]
[EventType "swiss (blitz)"]
[EventRounds "11"]
[EventCountry "USA"]
[SourceTitle "EXT 2025"]
[Source "ChessBase"]
[SourceDate "2024.10.14"]
[SourceVersion "1"]
[SourceVersionDate "2024.10.14"]
[SourceQuality "1"]

1. e4 e5 2. Nf3 Nc6 3. d4 exd4 4. Nxd4 Bc5 5. Nb3 Bb6 6. Qe2 Nf6 7. e5 Nd5 8. c4 Nde7 9. Bd2 Nd4 10. Qe4 Nxb3 11. axb3 0-0 12. Bd3 g6 13. b4 d5 14. exd6 cxd6 15. 0-0 d5 16. Qh4 Nf5 17. Qxd8 Bxd8 18. cxd5 Bf6 19. Nc3 Rd8 20. Bc4 Nd6 21. Bb3 Bf5 22. Be3 b6 23. Rfc1 Bd3 24. Ba4 b5 25. Bc2 Bxc2 26. Rxc2 Rd7 27. Bc5 Nc4 28. Nxb5 Nxb2 29. Rb1 Nd3 30. Rd2 Nf4 31. Rbd1 a6 32. Na3 Rad8 33. d6 Be5 34. Nc4 Bc3 35. Rc2 Bf6 36. Nb6 Rb7 37. d7 Ne6 38. h3 Rdb8 39. Rcd2 Rxb6 40. Bxb6 Rxb6 41. Rd6 Rxb4 42. Rxa6 Rb8 43. Rad6 Rd8 0-1

[Event "Titled Tuesday intern op 10th Sep Late"]
[Site "Chess,com INT"]
[Date "2024.09.10"]
[Round "7"]
[White "Montero Martinez, Cristian"]
[Black "Garcia Lemos, Federico"]
[Result "0-1"]
[WhiteElo "2026"]
[BlackElo "2157"]
[PlyCount "80"]
[EventDate "2024.09.10"]
[EventType "swiss (blitz)"]
[EventRounds "11"]
[EventCountry "USA"]
[SourceTitle "EXT 2025"]
[Source "ChessBase"]
[SourceDate "2024.10.14"]
[SourceVersion "1"]
[SourceVersionDate "2024.10.14"]
[SourceQuality "1"]

1. e4 e5 2. Nf3 Nc6 3. Bb5 a6 4. Ba4 Nf6 5. d3 d6 6. c3 Be7 7. Nbd2 0-0 8. Nf1 Nd7 9. h3 Nb6 10. Bc2 f5 11. Ng3 fxe4 12. dxe4 Be6 13. Nf5 Bxf5 14. exf5 d5 15. g4 e4 16. Nd4 Nxd4 17. Qxd4 c5 18. Qe3 Nc4 19. Qe2 Bf6 20. Bf4 Nxb2 21. 0-0 c4 22. Qe3 Nd3 23. Rab1 b5 24. Bxd3 cxd3 25. Rfc1 Rc8 26. Rb3 Re8 27. a4 bxa4 28. Ra3 Rc4 29. Qa7 Qe7 30. Qxe7 Bxe7 31. Ra2 Bc5 32. Kf1 e3 33. fxe3 Bxe3 34. Bxe3 Rxe3 35. Kg2 d4 36. Rb1 dxc3 37. Rb8+ Kf7 38. Rb7+ Re7 39. Rxe7+ Kxe7 40. Kf3 c2 0-1

[Event "Titled Tuesday intern op 12th Mar Late"]
[Site "Chess.com INT"]
[Date "2024.03.12"]
[Round "8"]
[White "Garcia Lemos, Federico"]
[Black "Novik, Maxim"]
[Result "0-1"]
[WhiteElo "2151"]
[BlackElo "2415"]
[PlyCount "94"]
[EventDate "2024.03.12"]
[EventType "swiss (blitz)"]
[EventRounds "11"]
[EventCountry "USA"]
[SourceTitle "CBM 219 Extra"]
[Source "ChessBase"]
[SourceDate "2024.05.31"]
[SourceVersion "1"]
[SourceVersionDate "2024.05.31"]
[SourceQuality "1"]

1. d4 Nf6 2. c4 g6 3. Nc3 d5 4. Nf3 Bg7 5. Bg5 Ne4 6. Bf4 c5 7. e3 cxd4 8. exd4 Nxc3 9. bxc3 0-0 10. Be2 Qa5 11. Qb3 Be6 12. 0-0 dxc4 13. Bxc4 Bxc4 14. Qxc4 Nd7 15. Rfc1 Rfc8 16. Qb3 b6 17. c4 Qf5 18. Be3 e5 19. Rd1 exd4 20. Nxd4 Qe4 21. Rac1 Nc5 22. Qa3 Rd8 23. Nb5 Rxd1+ 24. Rxd1 Qxc4 25. Nc7 Rc8 26. Qxa7 Ne4 27. Qb7 Rf8 28. Qxb6 Nc3 29. Qc5 Qxc5 30. Bxc5 Nxd1 31. Bxf8 Bxf8 32. a4 Bb4 33. Nd5 Ba5 34. Kf1 Nc3 35. Ne7+ Kf8 36. Nc6 Bc7 37. a5 Nb5 38. a6 Bb6 39. Ke2 Nd4+ 40. Nxd4 Bxd4 41. f4 Ba7 42. Kf3 Ke7 43. g4 f5 44. h3 Ke6 45. Ke2 Kd5 46. Kd3 h5 47. gxh5 gxh5 0-1

[Event "Titled Tuesday intern op 12th Mar Late"]
[Site "Chess.com INT"]
[Date "2024.03.12"]
[Round "7"]
[White "Goltseva, Ekaterina"]
[Black "Garcia Lemos, Federico"]
[Result "0-1"]
[WhiteElo "2286"]
[BlackElo "2151"]
[PlyCount "168"]
[EventDate "2024.03.12"]
[EventType "swiss (blitz)"]
[EventRounds "11"]
[EventCountry "USA"]
[SourceTitle "CBM 219 Extra"]
[Source "ChessBase"]
[SourceDate "2024.05.31"]
[SourceVersion "1"]
[SourceVersionDate "2024.05.31"]
[SourceQuality "1"]

1. Nf3 Nf6 2. c4 e6 3. b3 b6 4. Bb2 Bb7 5. g3 Be7 6. Bg2 c5 7. 0-0 0-0 8. d4 cxd4 9. Qxd4 d6 10. Nc3 a6 11. Rfd1 Nbd7 12. Rac1 Qc7 13. h3 Rac8 14. g4 h6 15. Qf4 Ne5 16. Nxe5 dxe5 17. Qg3 Bxg2 18. Qxg2 Rfd8 19. Ne4 Ne8 20. g5 hxg5 21. Nxg5 Rxd1+ 22. Rxd1 Rd8 23. Rxd8 Qxd8 24. Nf3 Qd1+ 25. Qf1 Qxf1+ 26. Kxf1 f6 27. e3 Kf7 28. Ke2 Nc7 29. a3 b5 30. Nd2 bxc4 31. bxc4 Ke8 32. Nb3 Kd7 33. Kd3 Kc6 34. a4 Bb4 35. Bc3 Bc5 36. Ba5 Ne8 37. Kc3 f5 38. Bb4 Bb6 39. c5 Bc7 40. Kc4 Nf6 41. f3 Nd5 42. Bd2 Nf6 43. Bc1 Nd5 44. Bd2 Nf6 45. Nc1 Nd7 46. Nd3 a5 47. e4 g6 48. Bg5 Bb8 49. Be7 Bc7 50. Nc1 Bb8 51. Nb3 Bc7 52. h4 Nb8 53. Bf8 Na6 54. Be7 Nb4 55. Bf8 Nc2 56. Be7 Ne3+ 57. Kd3 Ng2 58. Kc4 Ne1 59. Bf6 Nxf3 60. exf5 exf5 61. Be7 f4 62. Bf6 Bb8 63. Nc1 Bc7 64. Nd3 e4 65. Nc1 Be5 66. Nb3 Bxf6 67. Nxa5+ Kc7 68. Nb3 e3 69. Kd3 Ne5+ 70. Ke2 Nd7 71. Kf3 Be5 72. Nc1 Nxc5 73. a5 Bb2 74. Ne2 Be5 75. Nc1 Kb7 76. Ne2 Ka6 77. Ng1 Kxa5 78. Nh3 Kb4 79. Ng5 Kc3 80. Nf7 Bb8 81. Nh8 Kd2 82. Nxg6 e2 83. h5 e1Q 84. h6 Qe2# 0-1

[Event "Buenos Aires ProAm op 26th"]
[Site "Buenos Aires"]
[Date "2019.10.13"]
[Round "8"]
[White "Garcia Lemos, Federico"]
[Black "Sanhueza, Cristian"]
[Result "1-0"]
[WhiteElo "2221"]
[BlackElo "2325"]
[PlyCount "65"]
[EventDate "2019.10.06"]
[EventType "team-swiss"]
[EventRounds "8"]
[EventCountry "ARG"]
[SourceTitle "CBM 192 Extra"]
[Source "Chessbase"]
[SourceDate "2019.11.06"]
[SourceVersion "1"]
[SourceVersionDate "2019.11.06"]
[SourceQuality "1"]

1. d4 Nf6 2. c4 g6 3. Nf3 Bg7 4. g3 0-0 5. Bg2 d6 6. Nc3 Nc6 7. 0-0 a6 8. h3 Bd7 9. e4 e5 10. dxe5 Nxe5 11. c5 Nxf3+ 12. Qxf3 dxc5 13. e5 Bc6 14. Qd1 Nd7 15. Bxc6 bxc6 16. f4 Nb6 17. Be3 c4 18. Qf3 Qd7 19. Kg2 Nd5 20. Bc5 Rfd8 21. Rad1 Rab8 22. Rf2 Qe6 23. Rfd2 f6 24. g4 fxe5 25. f5 gxf5 26. gxf5 Qf6 27. Ne4 Nf4+ 28. Kg3 Qxf5 29. Rxd8+ Rxd8 30. Rxd8+ Kf7 31. Qg4 Qxe4 32. Rd7+ Ke8 33. Re7+ 1-0

[Event "Buenos Aires ProAm op 26th"]
[Site "Buenos Aires"]
[Date "2019.10.11"]
[Round "6"]
[White "Cisneros, German"]
[Black "Garcia Lemos, Federico"]
[Result "0-1"]
[WhiteElo "1938"]
[BlackElo "2221"]
[PlyCount "102"]
[EventDate "2019.10.06"]
[EventType "team-swiss"]
[EventRounds "8"]
[EventCountry "ARG"]
[SourceTitle "CBM 192 Extra"]
[Source "Chessbase"]
[SourceDate "2019.11.06"]
[SourceVersion "1"]
[SourceVersionDate "2019.11.06"]
[SourceQuality "1"]

1. d4 Nf6 2. Nf3 g6 3. Bf4 Bg7 4. Nc3 d5 5. Qd2 h6 6. h3 c6 7. g4 Nbd7 8. 0-0-0 b5 9. Ne5 Bb7 10. Bg2 Nb6 11. e3 b4 12. Ne2 a5 13. f3 Nfd7 14. Nxd7 Qxd7 15. Kb1 Nc4 16. Qc1 a4 17. e4 e6 18. Be5 f6 19. Bg3 0-0 20. Nf4 Qf7 21. Nd3 Ra5 22. Be1 Rb5 23. Bxb4 Rb8 24. a3 Bf8 25. Nc5 Bc8 26. c3 e5 27. Bf1 exd4 28. cxd4 Rxb4 29. axb4 Rxb4 30. Bxc4 a3 31. exd5 cxd5 32. Ba2 Qa7 33. Rh2 Qb8 34. Bxd5+ Kh7 35. Rd3 Qxh2 36. Rxa3 Rxd4 37. Ra7+ Bg7 38. Ne4 Qe5 39. f4 Qb8 40. Rc7 Ba6 41. Qc3 Bd3+ 42. Kc1 Bxe4 43. Bxe4 Rxe4 44. g5 Rxf4 45. h4 Qb6 46. Rc6 Qg1+ 47. Kc2 hxg5 48. hxg5 Qxg5 49. Rc5 Qg2+ 50. Kb1 Qe4+ 51. Ka2 Qa4+ 0-1

[Event "San Luis Betania op 3rd"]
[Site "San Luis"]
[Date "2019.02.01"]
[Round "2"]
[White "Acuna, Alvaro"]
[Black "Garcia Lemos, Federico"]
[Result "1-0"]
[WhiteElo "1956"]
[BlackElo "2203"]
[PlyCount "93"]
[EventDate "2019.02.01"]
[EventType "swiss"]
[EventRounds "6"]
[EventCountry "ARG"]
[SourceTitle "EXT 2020"]
[Source "ChessBase"]
[SourceDate "2019.10.17"]
[SourceVersion "1"]
[SourceVersionDate "2019.10.17"]
[SourceQuality "1"]

1. e4 e5 2. Nf3 Nc6 3. Bc4 Nf6 4. Ng5 d5 5. exd5 Na5 6. Bb5+ c6 7. dxc6 bxc6 8. Bd3 Nd5 9. Nf3 Bd6 10. 0-0 0-0 11. Re1 Bg4 12. h3 Bh5 13. Bf5 Qf6 14. Bg4 Bxg4 15. hxg4 Rfe8 16. d3 Nb7 17. g5 Qf5 18. Nbd2 Rad8 19. Ne4 Bc7 20. g3 Bb6 21. Kg2 Nc5 22. Bd2 Qg4 23. Nxc5 Bxc5 24. Re4 Qf5 25. Qe2 f6 26. d4 Bd6 27. c4 Nc7 28. c5 Bf8 29. dxe5 fxg5 30. Bxg5 Rd5 31. b4 Ne6 32. Bd2 Red8 33. Re1 Be7 34. Rc1 h6 35. Be1 Rd3 36. Re3 R3d5 37. Qc4 g5 38. Qe4 Qxe4 39. Rxe4 Kg7 40. g4 Kg6 41. Ng1 h5 42. gxh5+ Kxh5 43. Ne2 Kg6 44. f4 Rd1 45. Rxd1 Rxd1 46. fxg5 Bxg5 47. Bc3 1-0

[Event "Buenos Aires Faogba 35th"]
[Site "Buenos Aires"]
[Date "2018.11.13"]
[Round "1.5"]
[White "Mazza, Andres"]
[Black "Garcia Lemos, Federico"]
[Result "0-1"]
[WhiteElo "1674"]
[BlackElo "2201"]
[PlyCount "82"]
[EventDate "2018.11.13"]
[EventType "swiss"]
[EventRounds "7"]
[EventCountry "ARG"]
[SourceTitle "EXT 2024"]
[Source "ChessBase"]
[SourceDate "2023.10.10"]
[SourceVersion "1"]
[SourceVersionDate "2023.10.10"]
[SourceQuality "1"]

1. g4 e5 2. d3 Bc5 3. Bg2 Nc6 4. c4 d6 5. h3 Nge7 6. Nc3 Ng6 7. Nf3 0-0 8. Bg5 f6 9. Bd2 Nd4 10. Nxd4 Bxd4 11. e3 Bb6 12. h4 f5 13. g5 c6 14. Qb3 Be6 15. 0-0-0 e4 16. d4 d5 17. c5 Bc7 18. h5 Ne7 19. Ne2 b6 20. cxb6 axb6 21. Nf4 Bxf4 22. exf4 Qd7 23. f3 c5 24. fxe4 dxe4 25. d5 Bxd5 26. Qc3 Rxa2 27. b3 Rfa8 28. Kb1 Qa7 29. Bc1 Rxg2 30. Bb2 Rxb2+ 31. Qxb2 e3 32. h6 Be4+ 33. Kc1 Qa1+ 34. Qxa1 Rxa1+ 35. Kb2 Rxd1 36. Rxd1 e2 37. Re1 Bf3 38. Kc1 Nd5 39. Kd2 Nxf4 40. Ra1 Ng2 41. Ra8+ Bxa8 0-1

[Event "Buenos Aires Faogba 35th"]
[Site "Buenos Aires"]
[Date "2018.11.??"]
[Round "2.5"]
[White "Garcia Lemos, Federico"]
[Black "Brunsteins, Daniel Bernardo"]
[Result "1-0"]
[WhiteElo "2201"]
[BlackElo "1849"]
[PlyCount "85"]
[EventDate "2018.11.13"]
[EventType "swiss"]
[EventRounds "7"]
[EventCountry "ARG"]
[SourceTitle "EXT 2024"]
[Source "ChessBase"]
[SourceDate "2023.10.10"]
[SourceVersion "1"]
[SourceVersionDate "2023.10.10"]
[SourceQuality "1"]

1. e4 c6 2. d4 d5 3. Nd2 dxe4 4. Nxe4 Nd7 5. Nf3 Ngf6 6. Nxf6+ Nxf6 7. Ne5 Be6 8. Be2 g6 9. 0-0 Bg7 10. Re1 0-0 11. c3 Qb6 12. Nc4 Qc7 13. Qc2 Bf5 14. Qb3 Be6 15. Qa3 Bxc4 16. Bxc4 e6 17. Bf1 Rfe8 18. Qb3 Rad8 19. a4 b6 20. g3 Nd5 21. a5 b5 22. Bg2 a6 23. h4 h5 24. Bg5 Nf6 25. Re2 c5 26. dxc5 Qxc5 27. Be3 Qd6 28. Bb6 Rd7 29. c4 bxc4 30. Qxc4 Qd3 31. Qxd3 Rxd3 32. Bb7 Rb8 33. Bxa6 Rb3 34. Bd4 Nd5 35. Bxg7 Kxg7 36. Bc4 Rxb2 37. Rxb2 Rxb2 38. Bxd5 exd5 39. a6 Rb8 40. a7 Ra8 41. Ra6 f6 42. Kf1 Kf7 43. Ke2 1-0